Διπλή αποκατάσταση της εθνικής αντίστασης

Αποθηκεύτηκε σε:
Λεπτομέρειες βιβλιογραφικής εγγραφής
Κύριος συγγραφέας: Παρτσαλίδης, Μήτσος, 1905-1980
Μορφή: Βιβλίο
Γλώσσα:Greek
Δημοσίευση: Αθήνα : Θεμέλιο, 1978
Θέματα:
Ετικέτες: Προσθήκη ετικέτας
Δεν υπάρχουν, Καταχωρήστε ετικέτα πρώτοι!

MARC

LEADER 00000cam a2200000 i 4500
001 1/29493
008 060516s1978 gre d
035 |l 10083913 
040 |a GR-MY-UA  |b gre  |e aacr 
041 0 |a gre 
082 0 |a 938.764  |2 (22) 
100 1 |a Παρτσαλίδης, Μήτσος,   |d 1905-1980. 
245 1 0 |a Διπλή αποκατάσταση της εθνικής αντίστασης /  |c Μήτσος Παρτσαλίδης 
260 |a Αθήνα :   |b Θεμέλιο,   |c 1978 
300 |a 256 σ.;  |c 21 εκ. 
650 0 |a World War, 1939-1945  |x Underground movements  |z Greece. 
651 0 |a Greece  |x History  |y Civil War, 1944-1949. 
852 |a INST  |b LESVOS  |e 20060516  |h 938.764 ΠΑΡ  |p 005100034974  |q 005100034974  |t BK  |y 0 
901 |a BIBL1-2006-2 
909 |a Λ  |b 124105 
970 |a ΚΑΡΑ  |b ΓΙΑΣΕΜΗ  |z 2006/05/16